01215nmc a2200337 a 4500003000900000005001700009008004100026020001800067040001300085111005200098245008700150260009500237300001000332490005600342520013100398610001300529650002300542650001500565650001300580650001200593650002100605650003400626650002600660651001400686653001900700653002000719700003300739700003700772700003200809700003600841AR-BaBNM20251128211012.0195020s2003 ||||||||||||||000 | spa|| a987-9471-23-7 cAR-BaBNM2 aArgentina en el Wilson CentercWashingtond200310aRepensando la Argentinabantes de diciembre de 2001 y más allá de mayo de 2003 aWashingtonbWoodrow Wilson International Center for Scholars. Latin American Programc20030 a97 p. 0aWoodrow Wilson Center Reports on the Americasvv. 7 aEste libro se basa en una reunión de ocho horas realizada el el Woodrow Wilson International Center for Scholars, Washington24aMERCOSUR 4aHISTORIA ARGENTINA 4aDEMOCRACIA 4aECONOMIA 4aCULTURA 4aCRISIS POLITICAS 4aPARTIDOS POLITICOS ARGENTINOS 4aDEVALUACION MONETARIA 4aArgentina aSOCIEDAD CIVIL aPODER CIUDADANO1 aArmony, Ariel C.ecompilador1 aSchamis, Héctor E.ecompilador1 aCohen, Giselleecolaborador1 aTulchin, Joseph S.eprologuista